Nordic Cities By Picture - Statistics

General Stats
  • This quiz has been taken 14 times
  • The average score is 12 of 20
Answer Stats
Picture Answer % Correct
Helsinki
100%
Copenhagen
92%
Oslo
92%
Bergen
85%
Malmö
85%
Reykjavik
85%
Stockholm
85%
Aarhus
77%
Gothenburg
77%
Trondheim
77%
Uppsala
69%
Odense
54%
Tampere
54%
Oulu
46%
Turku
46%
Stavanger
38%
Lund
31%
Västerås
8%
Skagen
0%
Vejle
0%
No matching quizzes found
Score Distribution
Percent of People with Each Score
Percentile by Number Answered
Your Score History
You have not taken this quiz